[Event "Figueres Nadal op 7th"]
[Site "Figueres"]
[Date "2017.12.30"]
[Round "7"]
[White "Vidal Palou, Jordi"]
[Black "Carranza Font, Joan"]
[Result "0-1"]
[WhiteElo "1623"]
[BlackElo "1823"]
[PlyCount "66"]
[EventDate "2017.12.27"]
[EventType "swiss"]
[EventRounds "8"]
[EventCountry "ESP"]
[SourceTitle "CBM 182 Extra"]
[Source "ChessBase"]
[SourceDate "2018.02.23"]
[SourceVersion "1"]
[SourceVersionDate "2018.02.23"]
[SourceQuality "1"]

1. d4 Nf6 2. Nf3 g6 3. Bg5 Bg7 4. Bxf6 Bxf6 5. e4 d6 6. Nbd2 0-0 7. Bd3 c5 8. e5 Bg7 9. c3 Nc6 10. d5 Nxe5 11. Nxe5 Bxe5 12. 0-0 e6 13. f4 Bg7 14. dxe6 Bxe6 15. f5 Bd5 16. fxg6 fxg6 17. Qg4 Qe7 18. Nc4 b5 19. Bxg6 hxg6 20. Na3 b4 21. Nc2 bxc3 22. bxc3 Qe4 23. Qg5 Bxc3 24. Rad1 Rxf1+ 25. Rxf1 Rf8 26. Rd1 Bd4+ 27. Kh1 Rf2 28. Ne3 Bxe3 29. Qd8+ Kg7 30. Qd7+ Bf7 31. Rg1 Rd2 32. a4 Bxg1 33. a5 Qxg2# 0-1

[Event "Figueres Nadal op 7th"]
[Site "Figueres"]
[Date "2017.12.27"]
[Round "1"]
[White "Vidal Palou, Jordi"]
[Black "Parals Marce, Luis"]
[Result "0-1"]
[WhiteElo "1623"]
[BlackElo "2060"]
[PlyCount "44"]
[EventDate "2017.12.27"]
[EventType "swiss"]
[EventRounds "8"]
[EventCountry "ESP"]
[SourceTitle "CBM 182 Extra"]
[Source "ChessBase"]
[SourceDate "2018.02.23"]
[SourceVersion "1"]
[SourceVersionDate "2018.02.23"]
[SourceQuality "1"]

1. d4 g6 2. Nf3 Bg7 3. e3 d6 4. Bc4 e6 5. d5 e5 6. e4 Ne7 7. Bd3 0-0 8. Bg5 h6 9. Be3 a5 10. Qc1 Kh7 11. h4 Nd7 12. g4 Nc5 13. h5 g5 14. Bxg5 hxg5 15. Nxg5+ Kh8 16. h6 Nxd3+ 17. cxd3 Bf6 18. Nc3 Ng6 19. Nf3 Bxg4 20. Qe3 Nh4 21. Nxh4 Bxh4 22. Rxh4 Qxh4 0-1